La organización campesina y el desarrollo rural

Shranjeno v:
Bibliografske podrobnosti
Glavni avtor: Santos de Morais, Clodomir
Format: Texto
Izdano: San José: OIT
Oznake: Označite
Brez oznak, prvi označite!

MARC

LEADER 00000 a a2200000 04500
001 25568
003
040
090 |a 160002  
100 |a Santos de Morais, Clodomir  
245 |a La organización campesina y el desarrollo rural  
260 |a San José:   |b OIT  
300 |a 70 p.  
999 |c 12855  |d 12855